Les métros les plus fréquentés - Statistiques

Statistiques générales
  • Ce quiz a été pris 121 fois
  • Le résultat moyen est 17 sur 30
Statistiques - réponses
Rang mondial Nombre de passagers annuels (en millions) Ville % Correct
11 1 560 Paris
100%
13 1 337 Londres
95%
7 1 698 New York
95%
3 2 757 Tokyo
93%
17 1 175 Tokyo
93%
6 2 293 Pékin
89%
29 596 Berlin
86%
27 678 Madrid
85%
4 2 561 Moscou
82%
2 2 835 Shanghai
75%
1 2 924 Séoul
74%
18 926 Delhi
68%
5 2 416 Canton
63%
9 1 655 Mexico
63%
8 1 688 Hong Kong
59%
19 870 Osaka
55%
24 762 Saint-Pétersbourg
55%
12 1 494 São Paulo
50%
14 1 314 Le Caire
42%
15 1 235 Singapour
42%
23 790 Taipei
37%
10 1 627 Shenzhen
36%
28 628 Wuhan
33%
21 820 Téhéran
27%
26 704 Santiago
26%
25 731 Xi'an
25%
16 1 220 Chengdu
21%
20 840 Chongqing
19%
22 801 Nankin
15%
30 582 Hangzhou
7%
Aucun quiz correspondant
Distribution des résultats
% des personnes avec chaque résultat
Percentile par nombre de réponses
Votre historique - résultats
Vous n’avez pas pris ce quiz